01322nam a2200325Ia 4500001000700000008004100007020001800048035001600066041001000082084001300092110017900105245019500284260007100479300002200550650003100572650002100603650001700624650001700641650002500658650002100683710008100704901000600785903000700791904000800798953003700806999001700843910000900860942001500869952011200884021907221003s2001 xx 000 0 spa d a84-7425-614-3 aCENDO_14361 aspab aCD-06471 aJORNADAS DE COORDINACION DE ACTUACIONES EN MATERIA DE VIGILANCIA, CONTROL Y SANCION POR INCUMPLIMIENTO DE LA NORMATIVA DE PREVENCION DE RIESGOS LABORALEScMadridd2001914435 0aJornadas de Coordinación de actuaciones en materia de vigilanica, control y sanción por incumplimietno de la normativa de prevención de riesgos laborales :b<[>documentos divulgativos] aMadrid :bINSHT, Servicio de ediciones y publicaciones,cD.L. 2002 a150 p. ;c 21 cm 0aINSPECCION DE TRABAJO9874 aPREVENCION94589 aRIESGO91825 aTRABAJO9295 aSEGURIDAD SOCIAL916 aCONFERENCIA9311 aINSTITUTO NACIONAL DE SEGURIDAD E HIGIENE EN EL TRABAJOcMadrid,eed.914412 a3 aNO a000 d2006-02-13yMONOGRAFIAoCD-06471 c14360d14360 a2001 cMONOGRAFIA 00104070aCENDObCENDOd2006-02-13l0oCD-06471pCENDO_14361r2022-10-05 00:00:00w2022-10-05yMONOGRAFIA